| 000 | 00455nam a22001697a 4500 | ||
|---|---|---|---|
| 003 | NUST - PNEC | ||
| 005 | 20170116181145.0 | ||
| 008 | 151012b xxu||||| |||| 00| 0 eng d | ||
| 020 | _a- | ||
| 040 | _cLIBRARY | ||
| 082 | _a891.4393 JAM | ||
| 100 |
_914954 _aJameel Jalibi |
||
| 245 |
_aMuasir e adab (Urdu) _cDr. Jameel Jalibi |
||
| 260 |
_aLahore: _bSang-e-Meel Publications, _c1991 |
||
| 650 |
_914955 _aUrdu Literature _xGeneral |
||
| 942 |
_2ddc _cBK |
||
| 999 |
_c70678 _d70678 |
||